[Event "C.to Regionale Lombardia"]
[Site "Saronno ITA"]
[Date "2013.05.25"]
[Round "2"]
[White "Motola, Jacopo"]
[Black "Genocchio, Daniele"]
[WhiteElo "2029"]
[BlackElo "2415"]
[Result "0-1"]
[PlyCount "56"]
[EventDate "2013.05.24"]

1. e4 e6 2. d4 d5 3. exd5 exd5 4. Bd3 c5 5. dxc5 Bxc5 6. Nf3 Ne7 7. O-O O-O 8.
c3 Nbc6 9. Nbd2 Ng6 10. Nb3 Bd6 11. Nbd4 Re8 12. Re1 Rxe1+ 13. Qxe1 Bd7 14. Bf5
Qc8 15. Bxd7 Qxd7 16. Be3 Re8 17. Qb1 Nxd4 18. Nxd4 Re4 19. Ne2 Qb5 20. Qc2 h5
21. Ng3 Bxg3 22. hxg3 h4 23. gxh4 Nxh4 24. Rd1 Rg4 25. g3 d4 26. Bxd4 Nf3+ 27.
Kg2 Qc6 28. Kf1 Nxd4 0-1

[Event "C.to Regionale Lombardia"]
[Site "Saronno ITA"]
[Date "2013.05.25"]
[Round "2"]
[White "Nordio, Giorgio"]
[Black "Biava, Pierluigi"]
[WhiteElo "1668"]
[BlackElo "1649"]
[Result "1/2-1/2"]
[PlyCount "118"]
[EventDate "2013.05.24"]

1. c4 Nf6 2. g3 g6 3. Bg2 Bg7 4. Nf3 O-O 5. O-O c6 6. Nc3 d5 7. cxd5 Nxd5 8. e4
Nb4 9. d4 Bg4 10. Be3 h6 11. Qd2 Kh7 12. Ne1 a5 13. f4 Qd7 14. a3 N4a6 15. Qd3
Rd8 16. Nc2 Nc5 17. Qc4 Ne6 18. Kh1 b5 19. Qb3 a4 20. Qa2 Nc7 21. f5 gxf5 22.
exf5 e6 23. h3 Bxf5 24. Be4 Nd5 25. Bxf5+ exf5 26. Qb1 Qe6 27. Nxd5 Rxd5 28.
Nb4 Qxe3 29. Nxd5 cxd5 30. Qxf5+ Kh8 31. Qxd5 Ra7 32. Rxf7 Rxf7 33. Qxf7 Qxg3
34. Qe8+ Kh7 35. Qe4+ Kh8 36. Qg4 Qxg4 37. hxg4 Bxd4 38. Rd1 Nc6 39. Rc1 Ne5
40. Rc8+ Kh7 41. Rb8 Nxg4 42. Rxb5 Ne3 43. Rb4 Nc2 44. Rc4 Bxb2 45. Rxc2 Bxa3
46. Ra2 Bc1 47. Rxa4 Kg6 48. Ra5 Bg5 49. Kg2 h5 50. Kh3 Bf6 51. Rb5 Bg5 52. Rb8
Bf6 53. Rc8 Kh7 54. Kg2 Kg6 55. Kf3 Kf5 56. Rg8 Bg5 57. Rh8 Kg6 58. Ke4 Bf6 59.
Rg8+ Bg7 1/2-1/2

[Event "C.to Regionale Lombardia"]
[Site "Saronno ITA"]
[Date "2013.05.25"]
[Round "2"]
[White "Olivieri, Michelangelo"]
[Black "Romagnoli, Thomas"]
[WhiteElo "1605"]
[BlackElo "1693"]
[Result "0-1"]
[PlyCount "84"]
[EventDate "2013.05.24"]

1. d4 Nf6 2. c4 e6 3. Nc3 Bb4 4. a3 Bxc3+ 5. bxc3 b6 6. f3 c5 7. e4 d6 8. Bd3
O-O 9. Ne2 Nc6 10. O-O Na5 11. f4 Ba6 12. e5 Ne8 13. Ng3 Bxc4 14. Bxc4 Nxc4 15.
Qg4 g6 16. f5 exf5 17. Nxf5 h5 18. Qg3 Kh7 19. Nh4 Qe7 20. Bg5 Qe6 21. Rf4 cxd4
22. cxd4 dxe5 23. dxe5 Rc8 24. Raf1 Rc5 25. h3 Rxe5 26. Rf6 Rxg5 27. Qxg5 Nxf6
28. Rxf6 Qe1+ 29. Kh2 Qe5+ 30. Qxe5 Nxe5 31. Rd6 Rc8 32. Nf3 Nxf3+ 33. gxf3 Rc7
34. Rd3 Kg7 35. Kg3 Rc4 36. f4 a5 37. Kf3 b5 38. h4 b4 39. axb4 axb4 40. Rb3
Rc3+ 41. Rxc3 bxc3 42. Ke3 Kf6 0-1

[Event "C.to Regionale Lombardia"]
[Site "Saronno ITA"]
[Date "2013.05.25"]
[Round "2"]
[White "Pino, Nicola"]
[Black "Canciani, Alberto"]
[WhiteElo "1742"]
[BlackElo "1576"]
[Result "0-1"]
[PlyCount "100"]
[EventDate "2013.05.24"]

1. e4 e6 2. d4 c5 3. c3 Qc7 4. Nf3 b6 5. Bd3 d6 6. Bf4 Nd7 7. O-O Bb7 8. Nbd2
Ngf6 9. Rc1 Be7 10. Qc2 h6 11. h3 g5 12. Bh2 Nh5 13. e5 Nf4 14. Be4 d5 15. Bd3
c4 16. Bxf4 cxd3 17. Qxd3 gxf4 18. Nh2 Nxe5 19. dxe5 Qxe5 20. Qb5+ Kf8 21. Ndf3
Qg7 22. Qd7 Rg8 23. Ne1 Ba6 24. Nhf3 Bxf1 25. Kxf1 Qf6 26. Qb7 Kg7 27. Rd1 Rgb8
28. Qa6 b5 29. Nd3 Rb6 30. Qa5 Rbb8 31. Qc7 Bd8 32. Qxf4 Qxf4 33. Nxf4 Bc7 34.
Nd3 a5 35. Nd2 b4 36. Nb1 Bd8 37. cxb4 axb4 38. Nc1 Bf6 39. b3 Bb2 40. Nd3 Bc3
41. Nc1 Rd8 42. Nd2 Bb2 43. Nd3 Bc3 44. Nc1 e5 45. Ke2 e4 46. f3 f5 47. Rg1 Kf6
48. h4 Bd4 49. Rd1 Bb2 50. f4 Rac8 0-1

[Event "C.to Regionale Lombardia"]
[Site "Saronno ITA"]
[Date "2013.05.25"]
[Round "2"]
[White "Poletto, Daniele"]
[Black "Rettore, Ludwig"]
[WhiteElo "1766"]
[BlackElo "2120"]
[Result "0-1"]
[PlyCount "46"]
[EventDate "2013.05.24"]

1. c4 e5 2. Nc3 d6 3. e4 Nf6 4. g3 c6 5. Bg2 Be7 6. Nge2 Be6 7. b3 Qd7 8. O-O
Bh3 9. d4 Bxg2 10. Kxg2 Qc7 11. h3 Nbd7 12. Be3 O-O 13. f4 Rfd8 14. Qc2 b5 15.
cxb5 cxb5 16. b4 a5 17. Qd3 axb4 18. Nxb5 Qb7 19. d5 Nxe4 20. Qxe4 Qxb5 21. Bd2
Nf6 22. Qf3 Ra3 23. Qf2 Qxd5+ 0-1

[Event "C.to Regionale Lombardia"]
[Site "Saronno ITA"]
[Date "2013.05.25"]
[Round "2"]
[White "Prevedello, Daniele"]
[Black "Cagnotto, Marco"]
[WhiteElo "1713"]
[BlackElo "1487"]
[Result "1/2-1/2"]
[PlyCount "67"]
[EventDate "2013.05.24"]

1. d4 Nf6 2. c4 g6 3. Nc3 Bg7 4. e4 d6 5. Nf3 c5 6. Be2 O-O 7. O-O Bg4 8. Be3
cxd4 9. Nxd4 Bxe2 10. Qxe2 Nc6 11. Rfd1 Qc7 12. f3 Ne5 13. Nd5 Nxd5 14. cxd5
Qc4 15. Qd2 Rac8 16. h3 Qa6 17. b3 Rc7 18. Rac1 Rfc8 19. a4 Rxc1 20. Rxc1 Rxc1+
21. Qxc1 Qd3 22. Qd2 Qxd2 23. Bxd2 a6 24. Be3 Nd7 25. Nc2 Kf8 26. Kf1 Ke8 27.
Ke2 Kd8 28. Kd2 Ne5 29. Kc3 Nxf3+ 30. Kb4 Ne5 31. Ka5 Nd7 32. Ba7 Kc7 33. Ne3
Bc3+ 34. b4 1/2-1/2

[Event "C.to Regionale Lombardia"]
[Site "Saronno ITA"]
[Date "2013.05.25"]
[Round "2"]
[White "Puppi, Simone"]
[Black "Ronconi, Fausto"]
[WhiteElo "1559"]
[BlackElo "1674"]
[Result "0-1"]
[PlyCount "82"]
[EventDate "2013.05.24"]

1. e4 e6 2. d4 d5 3. e5 c5 4. Bb5+ Bd7 5. Bxd7+ Nxd7 6. Nf3 cxd4 7. Qxd4 Bc5 8.
Qg4 g6 9. O-O Qc7 10. Re1 Be7 11. Nc3 h5 12. Qa4 Qc4 13. Qxc4 dxc4 14. Nb5 Kf8
15. Bf4 a6 16. Nd6 Bxd6 17. exd6 Ngf6 18. Rad1 Nd5 19. Bg3 b5 20. a3 Rc8 21.
Ne5 Nxe5 22. Bxe5 Rh7 23. h3 Ke8 24. Bh2 Kd7 25. Re4 Rc6 26. Rh4 g5 27. Rhd4 f5
28. Be5 g4 29. hxg4 hxg4 30. g3 Rc8 31. Kg2 Rc5 32. Rh1 Rxh1 33. Kxh1 Ne3 34.
Bf6 Nxc2 35. Rd2 Ne1 36. Re2 Nf3 37. Bc3 Rd5 38. Bb4 Rd1+ 39. Be1 Rxe1+ 40.
Rxe1 Nxe1 41. Kg1 Nd3 0-1

[Event "C.to Regionale Lombardia"]
[Site "Saronno ITA"]
[Date "2013.05.25"]
[Round "2"]
[White "Revinelli, Sergio"]
[Black "Sorcinelli, Francesco"]
[WhiteElo "1827"]
[BlackElo "2198"]
[Result "0-1"]
[PlyCount "70"]
[EventDate "2013.05.24"]

1. e4 c5 2. Nf3 d6 3. d4 cxd4 4. Nxd4 Nf6 5. Nc3 g6 6. Be2 Bg7 7. O-O O-O 8.
Be3 Nc6 9. Qd2 Ng4 10. Nxc6 bxc6 11. Bg5 Rb8 12. Rab1 Re8 13. h3 Ne5 14. b3 Qa5
15. Na4 Qxd2 16. Bxd2 f5 17. f3 fxe4 18. fxe4 Be6 19. c4 c5 20. Nc3 Bd7 21. Nd5
Bc6 22. Bf3 e6 23. Ne3 h5 24. b4 cxb4 25. Bxb4 Nxf3+ 26. gxf3 Bd4 27. Kf2 d5
28. Rfd1 Bb6 29. c5 Bd8 30. exd5 exd5 31. Nc2 Bh4+ 32. Kg1 Ba4 33. Ba5 Rxb1 34.
Rxb1 Bxc2 35. Rc1 Bf5 0-1

[Event "C.to Regionale Lombardia"]
[Site "Saronno ITA"]
[Date "2013.05.25"]
[Round "2"]
[White "Ruggeri, Igor"]
[Black "Carbone, Lorenzo"]
[WhiteElo "1578"]
[BlackElo "1595"]
[Result "1/2-1/2"]
[PlyCount "105"]
[EventDate "2013.05.24"]

1. d4 d5 2. c4 e6 3. Nc3 Nf6 4. Bg5 Be7 5. Nf3 O-O 6. e3 b6 7. Bd3 Bb7 8. O-O
Nbd7 9. Re1 h6 10. Bh4 Ne4 11. Bxe7 Qxe7 12. Rc1 c5 13. cxd5 exd5 14. Bb5 Rad8
15. Qa4 a5 16. Bc6 Ndf6 17. Bxb7 Qxb7 18. dxc5 Nxc5 19. Qb5 Nfe4 20. Na4 Nxa4
21. Qxa4 Rc8 22. Nd4 Nc5 23. Qb5 Ne6 24. Nc6 Nc7 25. Qb3 Ra8 26. Rc2 a4 27. Qd3
Kh8 28. Rec1 Qa6 29. Qxa6 Nxa6 30. Ne7 Nb4 31. Rc8 Nxa2 32. Rxf8+ Rxf8 33. Ra1
Nb4 34. Rxa4 Nd3 35. g3 Nxb2 36. Rb4 Nd3 37. Rxb6 Ra8 38. Nxd5 Ra2 39. Nf4 Ne5
40. Kg2 Kh7 41. Rb5 f6 42. Rb7 Ng6 43. Ne6 Ne5 44. Rxg7+ Kh8 45. Rc7 Ng4 46.
Rc8+ Kh7 47. Nf8+ Kg7 48. Ne6+ Kh7 49. Nd4 Rxf2+ 50. Kg1 Rxh2 51. Rc2 Rxc2 52.
Nxc2 Kg6 53. Kg2 1/2-1/2

[Event "C.to Regionale Lombardia"]
[Site "Saronno ITA"]
[Date "2013.05.27"]
[Round "2"]
[White "Sbarra, Marco"]
[Black "Bernasconi, Roberto"]
[WhiteElo "2263"]
[BlackElo "1944"]
[Result "1/2-1/2"]
[PlyCount "89"]
[EventDate "2013.05.24"]

1. d4 d5 2. c4 dxc4 3. e3 Nf6 4. Nf3 e6 5. Bxc4 a6 6. a4 c5 7. Nc3 Nc6 8. O-O
cxd4 9. exd4 Be7 10. Re1 O-O 11. Bg5 Nd5 12. Bxd5 exd5 13. Bxe7 Nxe7 14. Qb3
Nc6 15. h3 Be6 16. Rad1 h6 17. Ne5 Qd6 18. Qc2 Rac8 19. Qe2 Rce8 20. Nxc6 Qxc6
21. Qd2 Qd6 22. Re5 f6 23. Re3 Bd7 24. Rg3 f5 25. f4 Re7 26. Re3 Rxe3 27. Qxe3
Re8 28. Qd2 b5 29. axb5 Bxb5 30. Kf2 Kf7 31. Re1 Rxe1 32. Kxe1 Qe6+ 33. Kf2 Bc4
34. g3 Qe7 35. h4 Qb4 36. Ne4 Qa4 37. Nc5 Qa1 38. b3 Qf1+ 39. Ke3 Qg1+ 40. Kf3
Qf1+ 41. Qf2 Qh1+ 42. Ke3 Qc1+ 43. Kf3 Qh1+ 44. Ke3 Qc1+ 45. Kf3 1/2-1/2

[Event "C.to Regionale Lombardia"]
[Site "Saronno ITA"]
[Date "2013.05.25"]
[Round "2"]
[White "Scovazzi, Tullio"]
[Black "Vignati, Andrea"]
[WhiteElo "1679"]
[BlackElo "1454"]
[Result "1/2-1/2"]
[PlyCount "111"]
[EventDate "2013.05.24"]

1. e4 e5 2. Bc4 Bc5 3. Qg4 Qf6 4. Nc3 Bxf2+ 5. Kd1 Ne7 6. Nd5 Nxd5 7. Bxd5 O-O
8. Qe2 Bb6 9. Nf3 d6 10. Rf1 c6 11. Bb3 Be6 12. Nd4 Bg4 13. Nf3 Nd7 14. d3 h6
15. h3 Bxf3 16. Rxf3 Qg6 17. c3 Nf6 18. Be3 Bxe3 19. Rxe3 Nh5 20. g4 Nf4 21.
Qf3 Rad8 22. c4 c5 23. Kd2 a6 24. Rg1 Qg5 25. Qg3 Qg6 26. Qf2 Qg5 27. h4 Qg6
28. g5 hxg5 29. Rxg5 Qe6 30. Reg3 g6 31. h5 Nh3 32. Qh2 Nxg5 33. Rxg5 Kg7 34.
h6+ Kh7 35. Bd1 Qe7 36. Rg2 f5 37. Qg3 Qf6 38. Bf3 fxe4 39. Bxe4 Qf4+ 40. Qxf4
Rxf4 41. Bxg6+ Kxh6 42. Be4 Kh5 43. b3 Rff8 44. a4 b6 45. Rg7 Rb8 46. Rd7 Rf6
47. Kc3 a5 48. Bd5 Kg4 49. Be4 Kf4 50. Kd2 Rh6 51. Kc3 Ke3 52. Bd5 Kf4 53. Be4
Kg5 54. Bd5 Rf6 55. Be4 Kh6 56. Bd5 1/2-1/2

[Event "C.to Regionale Lombardia"]
[Site "Saronno ITA"]
[Date "2013.05.25"]
[Round "2"]
[White "Tagliaferri, Valerio"]
[Black "Damia, Angelo"]
[WhiteElo "1849"]
[BlackElo "2240"]
[Result "0-1"]
[PlyCount "60"]
[EventDate "2013.05.24"]

1. c4 Na6 2. Nc3 Nf6 3. e4 e5 4. Nge2 Bc5 5. d4 exd4 6. Nxd4 O-O 7. Be3 Re8 8.
f3 c6 9. Nc2 d5 10. cxd5 cxd5 11. Bxa6 Bxe3 12. Bb5 Rf8 13. Nxe3 d4 14. Qd3 a6
15. Bc4 dxe3 16. Qxe3 b5 17. Bb3 b4 18. Rd1 Nd7 19. Nd5 a5 20. O-O a4 21. Bc4
Ne5 22. Nb6 Nxc4 23. Rxd8 Nxe3 24. Rxf8+ Kxf8 25. Re1 Rb8 26. Nxc8 Nc2 27. Rc1
Rxc8 28. b3 axb3 29. axb3 Rc3 30. Kf2 Ke7 0-1

[Event "C.to Regionale Lombardia"]
[Site "Saronno ITA"]
[Date "2013.05.25"]
[Round "3"]
[White "Biava, Pierluigi"]
[Black "Prevedello, Daniele"]
[WhiteElo "1649"]
[BlackElo "1713"]
[Result "1-0"]
[PlyCount "55"]
[EventDate "2013.05.24"]

1. c4 c5 2. g3 g6 3. Bg2 Bg7 4. Nc3 Nc6 5. d3 Nf6 6. Nf3 O-O 7. O-O d6 8. h3
Rb8 9. Be3 a6 10. Qd2 Re8 11. Bh6 Bh8 12. e4 b5 13. Rae1 Nd7 14. Ng5 bxc4 15.
dxc4 Nd4 16. f4 f6 17. Nf3 Nxf3+ 18. Bxf3 Nb6 19. Bg4 f5 20. exf5 Bd4+ 21. Kh1
Nxc4 22. Qg2 Ne3 23. Rxe3 Bxe3 24. Qe4 Bd4 25. fxg6 e6 26. gxh7+ Kh8 27. Qg6
Qf6 28. Qxe8+ 1-0

[Event "C.to Regionale Lombardia"]
[Site "Saronno ITA"]
[Date "2013.05.25"]
[Round "3"]
[White "Botta, Massimiliano"]
[Black "Pino, Nicola"]
[WhiteElo "1622"]
[BlackElo "1742"]
[Result "1-0"]
[PlyCount "147"]
[EventDate "2013.05.24"]

1. c4 c6 2. Nc3 Nf6 3. g3 d5 4. cxd5 cxd5 5. e3 e5 6. d4 e4 7. Nge2 Bg4 8. Bg2
Nc6 9. Bd2 Be7 10. O-O O-O 11. h3 Be6 12. Nf4 Qd7 13. Qb3 Na5 14. Qd1 Nc4 15.
b3 Nxd2 16. Qxd2 Bb4 17. a3 Ba5 18. b4 Bc7 19. Nxe6 fxe6 20. Rac1 Rac8 21. Ne2
Ne8 22. Rc3 Nd6 23. Qc2 Nc4 24. Bxe4 g6 25. Bd3 b5 26. e4 Bb6 27. exd5 exd5 28.
Bxc4 bxc4 29. Kh2 Rce8 30. Kg2 g5 31. Rd1 Qf7 32. Ng1 Qg7 33. Nf3 h5 34. Qd2
Re4 35. Qxg5 Qxg5 36. Nxg5 Rxd4 37. Rxd4 Bxd4 38. Rc2 Rf5 39. Ne6 Bh8 40. f4 c3
41. Kf3 Rf6 42. Nd4 Ra6 43. Ke3 Rg6 44. Rg2 Ra6 45. Ra2 Rg6 46. Rg2 Ra6 47. Nc2
Rc6 48. Kd3 Kf7 49. g4 Rc4 50. Rf2 Rc6 51. g5 h4 52. f5 Be5 53. f6 Rc8 54. Ne3
d4 55. Nc2 a6 56. Ne1 Re8 57. Ng2 Rg8 58. Rf5 Ke6 59. Nxh4 Rc8 60. Rf2 Rh8 61.
f7 Bg7 62. Rf4 Rc8 63. Rf2 Rh8 64. Nf3 Rxh3 65. Ke4 Ke7 66. g6 Kf8 67. Kd3 Rg3
68. a4 Bf6 69. b5 axb5 70. axb5 Bd8 71. Kc2 Bb6 72. Ne5 d3+ 73. Kxc3 Ba5+ 74.
Kc4 1-0

[Event "C.to Regionale Lombardia"]
[Site "Saronno ITA"]
[Date "2013.05.25"]
[Round "3"]
[White "Brioschi, Camillo"]
[Black "Fantina, Carla"]
[WhiteElo "1756"]
[BlackElo "1431"]
[Result "1-0"]
[PlyCount "88"]
[EventDate "2013.05.24"]

1. d4 Nf6 2. c4 g6 3. Nc3 Bg7 4. e4 d6 5. f4 e6 6. Be2 Nbd7 7. e5 Ng8 8. Nf3
Nb6 9. O-O Ne7 10. Be3 Nf5 11. Bf2 O-O 12. g4 Nh6 13. h3 f5 14. g5 Nf7 15. Qb3
Bd7 16. c5 dxc5 17. dxc5 Nd5 18. Nxd5 exd5 19. Qxd5 Bc6 20. Qb3 Kh8 21. Bc4 Qe7
22. Rad1 a5 23. Bd5 Bxd5 24. Rxd5 c6 25. Rd3 Rad8 26. Rfd1 Rxd3 27. Rxd3 Nd8
28. Rd6 Re8 29. Qc3 Ne6 30. Be3 Qc7 31. Nd4 Nd8 32. Nb3 a4 33. Nc1 Re6 34. Qd2
Re8 35. Rd7 Qb8 36. Qd6 Qa8 37. Re7 Rf8 38. Qc7 Rg8 39. Ne2 Qa6 40. Kf2 Qc4 41.
Rxg7 Rxg7 42. Qxd8+ Rg8 43. Qf6+ Rg7 44. e6 Qd5 1-0

[Event "C.to Regionale Lombardia"]
[Site "Saronno ITA"]
[Date "2013.05.25"]
[Round "3"]
[White "Cagnotto, Marco"]
[Black "Scovazzi, Tullio"]
[WhiteElo "1487"]
[BlackElo "1679"]
[Result "1-0"]
[PlyCount "81"]
[EventDate "2013.05.24"]

1. e4 e5 2. Nf3 Nc6 3. d4 exd4 4. Nxd4 d6 5. Nxc6 bxc6 6. Nc3 Be7 7. Bc4 Nf6 8.
O-O O-O 9. Bg5 Bg4 10. f3 Bh5 11. Qd2 Nd7 12. Bxe7 Qxe7 13. Ne2 Nb6 14. Bb3
Rad8 15. Qa5 d5 16. Nf4 Bg6 17. Rfe1 d4 18. Rad1 Rfe8 19. Qd2 c5 20. Qe2 Qd7
21. h4 Qc6 22. Bc4 Bf5 23. Bb5 Qh6 24. Bxe8 Rxe8 25. Qd2 Bd7 26. g3 g5 27. Ng2
f6 28. hxg5 fxg5 29. Qa5 Qd6 30. Kf2 Rf8 31. Qa3 Bg4 32. Nf4 gxf4 33. fxg4
fxg3+ 34. Kg1 Rf2 35. e5 Qe6 36. Qxg3 Rxc2 37. Qh4 Qd5 38. Qg3 Nc4 39. e6 Qd8
40. e7 Qe8 41. Qb3 1-0

[Event "C.to Regionale Lombardia"]
[Site "Saronno ITA"]
[Date "2013.05.25"]
[Round "3"]
[White "Canciani, Alberto"]
[Black "Revinelli, Sergio"]
[WhiteElo "1576"]
[BlackElo "1827"]
[Result "1/2-1/2"]
[PlyCount "93"]
[EventDate "2013.05.24"]

1. e4 e5 2. Nf3 Nc6 3. c4 Nf6 4. Nc3 Be7 5. d3 d6 6. h3 h6 7. Be3 Nh7 8. Nd5 f5
9. Nxe7 Qxe7 10. g3 Nf6 11. exf5 Bxf5 12. g4 Bg6 13. Qb3 Rb8 14. Nh4 Bh7 15.
Nf5 Qd7 16. Bg2 O-O 17. Ng3 Qf7 18. Nh5 Nxh5 19. Bd5 Nf6 20. Bxf7+ Rxf7 21. O-O
Kh8 22. c5 d5 23. f4 exf4 24. Rxf4 Re7 25. d4 Na5 26. Qb4 Nc4 27. Bf2 a5 28.
Qc3 Ne4 29. Rxe4 Bxe4 30. b3 Na3 31. Qxa5 Nc2 32. Rc1 Rbe8 33. Qc3 Na3 34. Qb4
Nc2 35. Qc3 Na3 36. Qb4 Nb1 37. a4 c6 38. Qe1 Bg6 39. Rxb1 Rxe1+ 40. Rxe1 Rxe1+
41. Bxe1 Bc2 42. b4 Bxa4 43. Kf2 Kg8 44. Kg3 Kf7 45. h4 g6 46. g5 hxg5 47. hxg5
1/2-1/2

[Event "C.to Regionale Lombardia"]
[Site "Saronno ITA"]
[Date "2013.05.25"]
[Round "3"]
[White "Carbone, Lorenzo"]
[Black "Tagliaferri, Valerio"]
[WhiteElo "1595"]
[BlackElo "1849"]
[Result "0-1"]
[PlyCount "70"]
[EventDate "2013.05.24"]

1. e4 e6 2. Nf3 d5 3. exd5 exd5 4. d4 Bd6 5. Bd3 Ne7 6. O-O O-O 7. Be3 Nbc6 8.
a3 Nf5 9. Nc3 Nce7 10. Nb5 Nxe3 11. fxe3 Bg4 12. Nxd6 Qxd6 13. h3 Bxf3 14. Rxf3
f5 15. Qe1 g6 16. Qf2 Rae8 17. Rf1 Nc8 18. g4 fxg4 19. Rxf8+ Rxf8 20. Qxf8+
Qxf8 21. Rxf8+ Kxf8 22. hxg4 Nd6 23. Kg2 Ke7 24. Kf3 Kf6 25. b3 b5 26. Kf4 h6
27. Kf3 Kg5 28. Kg3 c6 29. Kh3 h5 30. gxh5 gxh5 31. Be2 Nf5 32. c4 bxc4 33.
bxc4 dxc4 34. Bxc4 Nxe3 35. Bd3 Nf5 0-1

[Event "C.to Regionale Lombardia"]
[Site "Saronno ITA"]
[Date "2013.05.25"]
[Round "3"]
[White "Ceccarini, Marco"]
[Black "Ruggeri, Igor"]
[WhiteElo "2074"]
[BlackElo "1578"]
[Result "1-0"]
[PlyCount "95"]
[EventDate "2013.05.24"]

1. e4 c5 2. Nc3 d6 3. g3 Nf6 4. Bg2 g6 5. d3 Bg7 6. h3 Nc6 7. Be3 O-O 8. Qd2
Re8 9. Nge2 a6 10. O-O Bd7 11. g4 Kh8 12. Bh6 Bxh6 13. Qxh6 Ng8 14. Qe3 f5 15.
gxf5 gxf5 16. d4 cxd4 17. Nxd4 Nxd4 18. Qxd4+ Nf6 19. e5 dxe5 20. Qxe5 Rg8 21.
Kh2 Bc6 22. Bxc6 bxc6 23. Rae1 Rg7 24. Rg1 Rxg1 25. Rxg1 Qd6 26. Re1 Re8 27.
Qxd6 exd6 28. Rxe8+ Nxe8 29. Kg3 Kg7 30. Kf4 Kg6 31. Ne2 Ng7 32. Kg3 Ne6 33.
Nf4+ Nxf4 34. Kxf4 Kf6 35. b4 d5 36. h4 h6 37. a4 Ke6 38. Ke3 Ke5 39. f4+ Ke6
40. Kd4 Kd6 41. h5 Kd7 42. Kc5 Kc7 43. a5 Kb7 44. Kd6 d4 45. Kc5 d3 46. cxd3
Kc7 47. d4 Kb7 48. Kd6 1-0

[Event "C.to Regionale Lombardia"]
[Site "Saronno ITA"]
[Date "2013.05.25"]
[Round "3"]
[White "D'Avino, Gianfranco"]
[Black "Sbarra, Marco"]
[WhiteElo "1851"]
[BlackElo "2263"]
[Result "1/2-1/2"]
[PlyCount "97"]
[EventDate "2013.05.24"]

1. d4 Nf6 2. c4 e6 3. Nf3 d5 4. a3 c5 5. cxd5 exd5 6. Bg5 Nc6 7. Nc3 cxd4 8.
Nxd4 Be7 9. e3 O-O 10. Be2 Ne5 11. O-O Be6 12. Rc1 Ng6 13. Qb3 Qd7 14. Rfd1 h6
15. Bxf6 Bxf6 16. Nxe6 fxe6 17. Nxd5 exd5 18. Rxd5 Qf7 19. Rc7 Ne7 20. Bc4 Kh8
21. Rd2 Qh5 22. Rxb7 Rad8 23. Rbd7 Rxd7 24. Rxd7 Nc6 25. Qb5 Qxb5 26. Bxb5 Rc8
27. g3 a5 28. Bxc6 Rxc6 29. b4 axb4 30. axb4 Rb6 31. Kg2 Rxb4 32. Rd2 Kh7 33.
Rc2 Kg6 34. Rc5 Rb2 35. Rd5 Kf7 36. Rc5 Be7 37. Rd5 Ke6 38. Ra5 Rc2 39. Kf3 Bb4
40. Ra1 Kd5 41. Rd1+ Ke5 42. Rb1 Rc4 43. Rb2 h5 44. h3 g5 45. g4 h4 46. Rb1 Bc5
47. Rd1 Rc2 48. Re1 Bb4 49. Rb1 1/2-1/2

[Event "C.to Regionale Lombardia"]
[Site "Saronno ITA"]
[Date "2013.05.25"]
[Round "3"]
[White "Damia, Angelo"]
[Black "Berni, Fabrizio"]
[WhiteElo "2240"]
[BlackElo "2117"]
[Result "1/2-1/2"]
[PlyCount "120"]
[EventDate "2013.05.24"]

1. e4 d6 2. d4 Nf6 3. Nc3 Nbd7 4. f4 e5 5. Nf3 exd4 6. Qxd4 c6 7. Be3 d5 8.
exd5 Bc5 9. Qd3 Qe7 10. Kd2 cxd5 11. Re1 O-O 12. Bxc5 Qxc5 13. Qd4 Qc7 14. Bd3
b6 15. Re7 Bb7 16. Nb5 Qc6 17. Ne5 Nxe5 18. fxe5 Ne4+ 19. Kc1 Ba6 20. Bxe4 dxe4
21. Nd6 Bd3 22. Qc3 Qxc3 23. bxc3 Ba6 24. Re1 Bc8 25. Rxe4 Be6 26. Kb2 b5 27.
Ka3 Rfb8 28. Rf4 Rb6 29. Nxf7 Rf8 30. Nh6+ gxh6 31. Rxf8+ Kxf8 32. Rxa7 Bc4 33.
Kb4 Rc6 34. a3 Bf1 35. Rxh7 Rc4+ 36. Kb3 Bxg2 37. Rxh6 Re4 38. Rg6 Bh3 39. Rh6
Bg2 40. Rb6 Rxe5 41. Kb4 Rh5 42. Rxb5 Rxh2 43. c4 Rh1 44. Re5 Rb1+ 45. Kc3 Rb7
46. a4 Re7 47. Rg5 Bc6 48. a5 Ke8 49. Kb4 Kd7 50. Kc5 Kc7 51. a6 Re1 52. Rg7+
Bd7 53. Rg6 Re5+ 54. Kb4 Re6 55. a7 Re8 56. Kc5 Ra8 57. Ra6 Kb7 58. Rd6 Ba4 59.
Kb4 Rxa7 60. c3 Bc6 1/2-1/2

[Event "C.to Regionale Lombardia"]
[Site "Saronno ITA"]
[Date "2013.05.25"]
[Round "3"]
[White "Genocchio, Daniele"]
[Black "Moroni, Luca Jr"]
[WhiteElo "2415"]
[BlackElo "2184"]
[Result "1/2-1/2"]
[PlyCount "68"]
[EventDate "2013.05.24"]

1. d4 d5 2. Bg5 c6 3. e3 Nd7 4. Nf3 Ngf6 5. Nbd2 e6 6. Bd3 Be7 7. c3 c5 8. Qe2
h6 9. Bh4 O-O 10. Ne5 Nxe5 11. dxe5 Nd7 12. Bg3 c4 13. Bc2 b5 14. e4 Bb7 15.
Rd1 Nc5 16. Nf3 Qb6 17. exd5 Bxd5 18. O-O Qb7 19. Rd4 Rad8 20. Ne1 Rd7 21. Qg4
Rfd8 22. Bf4 Kh8 23. Be3 Bc6 24. Rf4 Bf8 25. Bd4 a5 26. Qe2 Bd5 27. Bb1 b4 28.
Qc2 g6 29. h4 h5 30. g4 Bh6 31. g5 Bf8 32. Qe2 bxc3 33. Bxc3 a4 34. a3 Qc6
1/2-1/2

[Event "C.to Regionale Lombardia"]
[Site "Saronno ITA"]
[Date "2013.05.25"]
[Round "3"]
[White "Longo, Giovanni"]
[Black "Puppi, Simone"]
[WhiteElo "1634"]
[BlackElo "1559"]
[Result "1-0"]
[PlyCount "91"]
[EventDate "2013.05.24"]

1. e4 c5 2. Nf3 Nc6 3. Nc3 e6 4. d3 Nf6 5. b3 Qa5 6. Qd2 Be7 7. Be2 O-O 8. O-O
a6 9. Na4 Qc7 10. Bb2 d5 11. exd5 exd5 12. Nc3 Bg4 13. h3 Bxf3 14. Bxf3 Rad8
15. Rae1 Ne5 16. Qd1 b5 17. Kh1 Rfe8 18. Nxd5 Nxd5 19. Rxe5 Nf4 20. Rfe1 Ng6
21. R5e3 a5 22. Qe2 Kf8 23. Bg4 Qc6 24. Bf3 Qd6 25. g3 Qd7 26. Kg2 Qf5 27. Be4
Qg5 28. Bxg6 hxg6 29. Bxg7+ Kxg7 30. Rxe7 Rh8 31. Qe5+ Qf6 32. f4 Rh5 33. Qxf6+
Kxf6 34. R7e5 Rd5 35. Rxh5 Rxh5 36. g4 Rd5 37. Kf3 a4 38. h4 a3 39. Re4 b4 40.
Rc4 Ke6 41. Ke3 f5 42. g5 Kd7 43. d4 Kc6 44. Rxc5+ Rxc5 45. dxc5 Kxc5 46. h5
1-0

[Event "C.to Regionale Lombardia"]
[Site "Saronno ITA"]
[Date "2013.05.25"]
[Round "3"]
[White "Marcantognini, Denis"]
[Black "Cervini, Gian Piero"]
[WhiteElo "1407"]
[BlackElo "1776"]
[Result "1/2-1/2"]
[PlyCount "121"]
[EventDate "2013.05.24"]

1. c4 e5 2. e3 d6 3. Nc3 f5 4. g3 Nf6 5. Nge2 Nc6 6. Bg2 Be7 7. O-O Be6 8. b3
O-O 9. Re1 Qe8 10. d4 exd4 11. exd4 Bd7 12. Nf4 Qd8 13. Ncd5 Nxd5 14. Nxd5 Bf6
15. Bb2 Rb8 16. Rb1 Ne7 17. Nxf6+ Rxf6 18. d5 Rf7 19. Qd4 a6 20. Re3 Qf8 21.
Rbe1 Ng6 22. f4 b5 23. Bf1 c5 24. dxc6 Bxc6 25. cxb5 Bxb5 26. Bxb5 axb5 27. Ba3
Rd7 28. Re6 Qd8 29. Re8+ Qxe8 30. Rxe8+ Rxe8 31. Qd5+ Kh8 32. Qxb5 Red8 33.
Qxf5 d5 34. Bb4 Ne7 35. Qg5 Nc6 36. Bd2 d4 37. Qc5 Ne7 38. f5 Rc8 39. Qb5 Rdc7
40. a4 Rc5 41. Qd7 Nxf5 42. g4 Nh4 43. Kf1 Nf3 44. Ke2 Nxd2 45. Kxd2 Rc2+ 46.
Kd3 R8c3+ 47. Ke4 Rc8 48. Qxd4 Re8+ 49. Kf3 Rxh2 50. b4 Ra2 51. a5 Rf8+ 52. Kg3
Ra4 53. Qd6 Kg8 54. a6 Ra3+ 55. Kh4 Rf6 56. Qd5+ Kf8 57. Qd8+ Kf7 58. Qd7+ Kf8
59. a7 Rfa6 60. Qf5+ Kg8 61. Qc8+ 1/2-1/2

[Event "C.to Regionale Lombardia"]
[Site "Saronno ITA"]
[Date "2013.05.25"]
[Round "3"]
[White "Megna, Giuseppe"]
[Black "Guzzetti, Luigi Enrico"]
[WhiteElo "1846"]
[BlackElo "1891"]
[Result "0-1"]
[PlyCount "92"]
[EventDate "2013.05.24"]

1. d4 Nf6 2. c4 g6 3. Nc3 Bg7 4. e4 d6 5. f3 O-O 6. Be3 Nbd7 7. Qd2 c6 8. Nge2
a6 9. a4 Qa5 10. Rb1 Qc7 11. b4 b6 12. Nc1 c5 13. bxc5 bxc5 14. d5 Ne5 15. Be2
e6 16. Bg5 Bb7 17. O-O exd5 18. exd5 Rab8 19. Nb3 Bc8 20. f4 Ned7 21. a5 h6 22.
Bh4 Re8 23. Bf3 Nf8 24. h3 Rb4 25. Qa2 Rxc4 26. Na4 Bd7 27. Nb6 Rxf4 28. Bg3
Rb4 29. Rbc1 Bb5 30. Nd2 Bxf1 31. Kxf1 N6d7 32. Qa3 Bb2 33. Qxb4 Bxc1 34. Qc3
Bxd2 35. Qxd2 Nxb6 36. axb6 Qxb6 37. Kg1 Kg7 38. h4 c4+ 39. Bf2 Qb1+ 40. Kh2
Qd3 41. Qb4 c3 42. Bd4+ Kg8 43. Bxc3 Rc8 44. Be1 Rc5 45. Qb7 Rc2 46. Bg3 Qxf3
0-1